Systémy manažérstva a kvalita merania
V súčasnej dobe je na trhu mnoho produktov a služieb, ktoré ponúkajú výrobcovia rôznych priemyselných odvetví veľmi vysokej kvality. Na to, aby dosiahli ich produkty čo najvyššiu kvalitu, pri nízkych výrobných nákladov a za cenu prijateľnú pre zákazníka, musia prejsť zdĺhavou cestou. Problematika me...
Salvato in:
| Autore principale: | |
|---|---|
| Altri autori: | |
| Natura: | Capitolo di libro |
| Lingua: | slovacco |
| Soggetti: | |
| Tags: |
Nessun Tag, puoi essere il primo ad aggiungerne!!
|
MARC
| LEADER | 00000nla$a2200000$$$4500 | ||
|---|---|---|---|
| 001 | 0121915 | ||
| 005 | 20220912135155.3 | ||
| 041 | 0 | |a slo | |
| 044 | |a SK | ||
| 245 | 1 | 0 | |a Systémy manažérstva a kvalita merania |c Jozef Petrík, Marek Šolc |
| 520 | |a V súčasnej dobe je na trhu mnoho produktov a služieb, ktoré ponúkajú výrobcovia rôznych priemyselných odvetví veľmi vysokej kvality. Na to, aby dosiahli ich produkty čo najvyššiu kvalitu, pri nízkych výrobných nákladov a za cenu prijateľnú pre zákazníka, musia prejsť zdĺhavou cestou. Problematika merania v systémoch manažérstva, konkrétne popis systému manažérstva merania a hodnotenie kvality merania. | ||
| 610 | 2 | 0 | |a riadenie kvality |
| 610 | 2 | 0 | |a meranie |
| 610 | 2 | 0 | |a monitoring |
| 610 | 2 | 0 | |a systémy informačné manažérske |
| 100 | 1 | |a Petrík, Jozef | |
| 700 | 1 | |a Šolc, Marek | |